00361nam a2200145Ia 4500008004100000020001500041082001800056100001400074245003600088250000800124260002900132300001300161500002500174650001600199230524s9999 xx 000 0 und d a8185749752 a621.3821bGUP aJ.B.Gupta 0aElectronic Devices and Circuits a2ND aNEW DELHIbKatariac2008 aXVI;1209 aQuantity Number: 20 aElectronics